Dung beetles

Bibliographic Details
Main Author: Rustad, Martha E. H. (Author)
Format: Book
Series:Pebble explore
Subjects:

MARC

LEADER 00000cam a2200000 7i4500
001 0000090793
005 20230125155017.0
008 230116 eng
020 |a 9781977123152 (  |q (library binding)) 
020 |a 9781977123237 (  |q (ebook pdf)) 
020 |a 9781977126498 (  |q (paperback)) 
040 |e rda 
041 |a English 
090 0 0 |a JF   |b ANM ENG 
100 1 |a Rustad, Martha E. H. ,   |e (author) 
245 0 0 |a Dung beetles   |c Martha E. H. Rustad 
264 0 |a North Mankato, Minnesota :   |b Pebble   |c 2021 
300 |a 32 pages :   |b color illustrations ;   |c 23 cm. 
336 |a text  |2 rdacontent 
337 |a unmediated  |2 rdamedia 
338 |a volume  |2 rdacarrier 
490 1 |a Pebble explore 
500 |a Children ages 7-9 years old (orange) 
541 |c Purchased on 2021   |f 32303 SSM   |h RM30.20 
650 0 |a Animals   |x Juvenile fiction 
730 0 |a Title 
999 |a 0001703214   |b Book   |c Children Collection   |e Perbadanan Perpustakaan Awam Johor 
999 |a 0001703215   |b Book   |c Children Collection   |e Perbadanan Perpustakaan Awam Johor 
999 |a 0001728514   |b Book   |c Children Collection   |e Cawangan Taman Universiti 
999 |a 0001728515   |b Book   |c Children Collection   |e Cawangan Taman Universiti